Fraction en décimales - Statistiques

Statistiques générales
  • Ce quiz a été pris 290 fois
  • Le résultat moyen est 4 sur 14
Statistiques - réponses
Hint Réponse % Correct
1/2 0.5
95%
1/4 0.25
70%
1/5 0.2
55%
1/8 0.125
29%
1/3 0.33
29%
1/10 0.1
27%
1/6 0.167
27%
1/9 0.111
23%
1/7 0.143
22%
1/16 0.0625
18%
1/20 0.05
16%
1/25 0.04
14%
1/32 0.031
7%
1/30 0.333
2%
Aucun quiz correspondant
Distribution des résultats
% des personnes avec chaque résultat
Percentile par nombre de réponses
Votre historique - résultats
Vous n’avez pas pris ce quiz